Sabiduría popular... un desafío en salud materno infantil

Salvato in:
Dettagli Bibliografici
Autore principale: Gil Huidobro, Josefina (Autore)
Natura: Libro
Lingua:spagnolo
Pubblicazione: Santiago C.I.D.E 1984
Serie:Documentos de Trabajo, 11
Soggetti:
Tags: Aggiungi Tag
Nessun Tag, puoi essere il primo ad aggiungerne!!

MARC

LEADER 00000nam a2200000 a 4500
001 UCU0872
003 CL-VaPUC
008 960329e19840000CL |||||||||||||||||spa|d
082 0 4 |a 376  |b GIL  |2 21 
100 0 |a Gil Huidobro, Josefina  |e author  |9 356331 
245 1 0 |a Sabiduría popular... un desafío en salud materno infantil 
300 |a 92 p 
942 |c BK 
945 |d 19960329 00:00:00  |a cmena 
260 |a Santiago  |b C.I.D.E  |c 1984 
650 7 |a EDUCACION DE LA MUJER  |2 CL-VaPUC  |9 307884 
650 7 |a EDUCACION FAMILIAR  |2 CL-VaPUC  |9 309569 
650 7 |a EDUCACION SANITARIA  |2 CL-VaPUC  |9 339099 
650 7 |a EMBARAZO  |2 CL-VaPUC  |9 308235 
650 7 |a NACIMIENTO  |2 CL-VaPUC  |9 310887 
583 |a last modification  |c 19960329 00:00:00  |k Rodrigo Vera 
490 0 |a Documentos de Trabajo, 11 
999 |c 245655  |d 245653 
952 |0 0  |1 0  |4 0  |6 376_000000000000000_GIL_1984  |7 0  |8 P  |9 260236  |a BIBEDU  |b BIBEDU  |c BIBEDU_PB  |d 2019-11-19  |i 1635387  |o 376 GIL 1984  |p 1635387  |r 2024-01-25  |w 2019-11-19  |y BK  |k EDU 
952 |0 0  |1 0  |4 0  |6 376_000000000000000_GIL_1984  |7 0  |8 P  |9 260237  |a BIBEDU  |b BIBEDU  |c BIBEDU_PB  |d 2019-11-19  |i 1635336  |o 376 GIL 1984  |p 1635336  |r 2024-01-25  |w 2019-11-19  |y BK  |k EDU